[Event "Wch Juvenil 2013 sub-14"]
[Site "Al-Ain UAE"]
[Date "2013.12.18"]
[Round "1.1"]
[White "Tari, Aryan"]
[Black "Doluweera, Minul Sanjula"]
[Result "1-0"]
[WhiteElo "2418"]
[BlackElo "1857"]
[PlyCount "59"]
[EventDate "2013.12.19"]
[EventType "swiss"]
[EventRounds "11"]
[EventCountry "UAE"]
[Source "lmi"]
[SourceDate "2013.12.19"]

1. e4 c6 2. d4 d5 3. Nc3 dxe4 4. Nxe4 Bf5 5. Ng3 Bg6 6. h4 h6 7. Nf3 Nd7 8. h5
Bh7 9. Bd3 Bxd3 10. Qxd3 e6 11. Bd2 Ngf6 12. O-O-O Qc7 13. Ne4 Nxe4 14. Qxe4
Nf6 15. Qe2 Bd6 16. Kb1 O-O-O 17. c4 c5 18. Bc3 cxd4 19. Nxd4 a6 20. g3 Rd7 21.
Nb3 Kb8 22. c5 Bxc5 23. Rxd7 Nxd7 24. Bxg7 Rh7 25. Bc3 Qc6 26. Rc1 Bd6 27. Qd3
f5 28. Bb4 Qxc1+ 29. Nxc1 Bxb4 30. Qc4 1-0

[Event "Wch Juvenil 2013 sub-14"]
[Site "Al-Ain UAE"]
[Date "2013.12.18"]
[Round "1.2"]
[White "Kovalevsky, Stanislav"]
[Black "Aravindh, Chithambaram Vr"]
[Result "0-1"]
[WhiteElo "1856"]
[BlackElo "2415"]
[PlyCount "78"]
[EventDate "2013.12.19"]
[EventType "swiss"]
[EventRounds "11"]
[EventCountry "UAE"]
[Source "lmi"]
[SourceDate "2013.12.19"]

1. c4 e5 2. Nc3 Nf6 3. g3 d5 4. cxd5 Nxd5 5. Bg2 Be6 6. d3 Nc6 7. Nf3 Be7 8. a3
O-O 9. O-O a5 10. Qc2 f6 11. Ne4 a4 12. Bd2 Nb6 13. Be3 Bb3 14. Qc1 Na5 15.
Nfd2 Bf7 16. Bc5 Nd5 17. Bxe7 Qxe7 18. Nc3 Nb6 19. Qd1 c6 20. f4 Nb3 21. Nxb3
Bxb3 22. Qc1 Qc5+ 23. Kh1 Nd7 24. Ne4 Qe7 25. fxe5 Nxe5 26. Qc5 Qc7 27. Bh3 Bd5
28. Rac1 Qf7 29. Bg2 Qh5 30. Nc3 Bxg2+ 31. Kxg2 Qh6 32. Rc2 Rf7 33. h3 Qg6 34.
Ne4 h5 35. Nd6 Rd7 36. Nf5 Re8 37. d4 Nf7 38. e3 Rd5 39. Qe7 Nd6 0-1

[Event "Wch Juvenil 2013 sub-14"]
[Site "Al-Ain UAE"]
[Date "2013.12.18"]
[Round "1.3"]
[White "Gledura, Benjamin"]
[Black "Markocic, Tine"]
[Result "1-0"]
[WhiteElo "2399"]
[BlackElo "1853"]
[PlyCount "53"]
[EventDate "2013.12.19"]
[EventType "swiss"]
[EventRounds "11"]
[EventCountry "UAE"]
[Source "lmi"]
[SourceDate "2013.12.19"]

1. e4 c5 2. Nf3 Nc6 3. Bb5 g6 4. Bxc6 dxc6 5. d3 Bg7 6. h3 Nf6 7. O-O Nd7 8.
Qe2 e5 9. Bg5 Qc7 10. Nbd2 Nf8 11. Bh4 Ne6 12. Bg3 Nd4 13. Nxd4 cxd4 14. f4 O-O
15. Nc4 exf4 16. Bxf4 Qd8 17. Nd6 Qe7 18. Qf2 b5 19. Qg3 Rd8 20. e5 f6 21. exf6
Qxf6 22. Ne4 Qe6 23. Qh4 Qd5 24. Bh6 Bf5 25. Bxg7 Kxg7 26. Qe7+ Kh6 27. Rf4 1-0

[Event "Wch Juvenil 2013 sub-14"]
[Site "Al-Ain UAE"]
[Date "2013.12.18"]
[Round "1.4"]
[White "Graif, William"]
[Black "Rambaldi, Francesco"]
[Result "0-1"]
[WhiteElo "1851"]
[BlackElo "2385"]
[PlyCount "60"]
[EventDate "2013.12.19"]
[EventType "swiss"]
[EventRounds "11"]
[EventCountry "UAE"]
[Source "lmi"]
[SourceDate "2013.12.19"]

1. e4 c6 2. d4 d5 3. exd5 cxd5 4. Bd3 Nc6 5. c3 Qc7 6. Ne2 Bg4 7. f3 Bd7 8. O-O
e5 9. Re1 Bd6 10. dxe5 Nxe5 11. Nd4 Ne7 12. Nb5 Bxb5 13. Bxb5+ N5c6 14. Kh1
Bxh2 15. Qxd5 Bg3 16. Re4 Rd8 17. Bxc6+ bxc6 18. Qb3 Qa5 19. Kg1 Qh5 20. Be3
O-O 21. Na3 Qh2+ 22. Kf1 Qh1+ 23. Bg1 Rd2 24. Re2 Rxe2 25. Kxe2 Qxg2+ 26. Kd3
Qxf3+ 27. Kd4 Bd6 28. Rd1 Nf5+ 29. Kc4 Qe2+ 30. Rd3 Qe6+ 0-1

[Event "Wch Juvenil 2013 sub-14"]
[Site "Al-Ain UAE"]
[Date "2013.12.18"]
[Round "1.5"]
[White "Zajic, Milan"]
[Black "Isaev, Chingys"]
[Result "0-1"]
[WhiteElo "2340"]
[BlackElo "1834"]
[PlyCount "148"]
[EventDate "2013.12.19"]
[EventType "swiss"]
[EventRounds "11"]
[EventCountry "UAE"]
[Source "lmi"]
[SourceDate "2013.12.19"]

1. e4 e5 2. Nf3 Nc6 3. Bb5 g6 4. d4 exd4 5. Bg5 Be7 6. Bxe7 Qxe7 7. Bxc6 dxc6
8. Qxd4 Nf6 9. Nbd2 c5 10. Qe3 Be6 11. O-O O-O-O 12. h3 h6 13. Ne5 g5 14. b4
Qd6 15. Ndf3 cxb4 16. Qxa7 Qa6 17. Qe3 Qa3 18. Nd3 Rhg8 19. Nfe5 Rd6 20. Qf3
Nd7 21. Ng4 Rg6 22. Ne3 Qc3 23. Nf5 Bxf5 24. Qxf5 Rgf6 25. Qa5 Ra6 26. Qxb4
Qxc2 27. e5 Rfe6 28. Rfd1 Ra4 29. Qb5 Qc4 30. Qb2 Ra5 31. Rac1 Qxa2 32. Qd4 Qd5
33. Qe3 Ra3 34. Qe2 Qa5 35. Qh5 Nxe5 36. Rc5 Qb6 37. Rxe5 Rxd3 38. Ra1 Rxe5 39.
Ra8+ Kd7 40. Qxf7+ Re7 41. Qf5+ Kc6 42. Qxd3 Re1+ 43. Kh2 Qxf2 44. Qc3+ Kd7 45.
Qd3+ Ke7 46. Qh7+ Qf7 47. Qc2 Qf4+ 48. g3 Qe5 49. Qh7+ Kd6 50. Rd8+ Kc6 51.
Qc2+ Kb6 52. Qf2+ Kb5 53. Rd2 b6 54. Qf7 Re2+ 55. Rxe2 Qxe2+ 56. Kg1 Qd1+ 57.
Kh2 Qd2+ 58. Kg1 Qd6 59. Qf1+ Kc6 60. Qf3+ Kd7 61. Qg4+ Kd8 62. h4 gxh4 63.
gxh4 b5 64. Qg8+ Kd7 65. Qf7+ Kc6 66. h5 b4 67. Qg6 b3 68. Kf1 Kb5 69. Qe8+ Kb4
70. Qe4+ Ka3 71. Qa8+ Kb2 72. Qg2+ Kc1 73. Qe4 Qd1+ 74. Kf2 Qc2+ 0-1

[Event "Wch Juvenil 2013 sub-14"]
[Site "Al-Ain UAE"]
[Date "2013.12.18"]
[Round "1.6"]
[White "Dolinar, Jan"]
[Black "Santos Ruiz, Miguel"]
[Result "0-1"]
[WhiteElo "1828"]
[BlackElo "2307"]
[PlyCount "49"]
[EventDate "2013.12.19"]
[EventType "swiss"]
[EventRounds "11"]
[EventCountry "UAE"]
[Source "lmi"]
[SourceDate "2013.12.19"]

1. e4 e6 2. d4 d5 3. e5 c5 4. c3 Qb6 5. Nf3 Nc6 6. a3 Nh6 7. b4 cxd4 8. cxd4
Nf5 9. Bb2 Be7 10. Be2 Bd7 11. O-O O-O 12. g4 Nh4 13. Nbd2 Ng6 14. Bd3 Nf4 15.
Bb1 a5 16. Qc2 g6 17. Nb3 f5 18. exf6 Rxf6 19. Nc5 Qc7 20. b5 Nh3+ 21. Kg2 Qf4
22. Qe2 Qxg4+ 23. Kh1 Rxf3 24. Nxd7 Nf4 25. Rg1 0-1

[Event "Wch Juvenil 2013 sub-14"]
[Site "Al-Ain UAE"]
[Date "2013.12.18"]
[Round "1.7"]
[White "Visakh, Nr"]
[Black "Zisiadis, Dimitrios"]
[Result "1-0"]
[WhiteElo "2303"]
[BlackElo "1827"]
[PlyCount "83"]
[EventDate "2013.12.19"]
[EventType "swiss"]
[EventRounds "11"]
[EventCountry "UAE"]
[Source "lmi"]
[SourceDate "2013.12.19"]

1. e4 c5 2. Nf3 e6 3. d4 cxd4 4. Nxd4 a6 5. Bd3 Bc5 6. Nb3 Ba7 7. O-O Nc6 8.
Qg4 Nf6 9. Qg3 d6 10. Nc3 b5 11. a3 Ne5 12. Kh1 O-O 13. Be2 Bb7 14. Bg5 Ng6 15.
f4 Kh8 16. e5 dxe5 17. fxe5 Bb8 18. exf6 Bxg3 19. fxg7+ Kxg7 20. Bxd8 Be5 21.
Bg5 f6 22. Be3 Rfe8 23. Nc5 Bd5 24. Bf3 Bxf3 25. Rxf3 Nh4 26. Rff1 Nf5 27. Bg1
Nd4 28. Rac1 Nc6 29. Nd7 Rad8 30. Nxe5 Nxe5 31. Ne4 f5 32. Nc5 Nc4 33. Nd3 e5
34. b3 Nxa3 35. Rxf5 e4 36. Ne1 e3 37. Rf3 e2 38. Bc5 Nb1 39. Rd3 Rxd3 40. Nxd3
Nd2 41. Re1 a5 42. Bd4+ 1-0

[Event "Wch Juvenil 2013 sub-14"]
[Site "Al-Ain UAE"]
[Date "2013.12.18"]
[Round "1.8"]
[White "Higgs, Joshua"]
[Black "Martinez Alcantara, Jose Eduar"]
[Result "1/2-1/2"]
[WhiteElo "1824"]
[BlackElo "2301"]
[PlyCount "123"]
[EventDate "2013.12.19"]
[EventType "swiss"]
[EventRounds "11"]
[EventCountry "UAE"]
[Source "lmi"]
[SourceDate "2013.12.19"]

1. e4 c6 2. c4 d5 3. exd5 cxd5 4. cxd5 Nf6 5. Nc3 Nxd5 6. Nf3 Nc6 7. Bb5 e6 8.
O-O Be7 9. d4 O-O 10. Re1 Bb4 11. Bd2 Nce7 12. Qb3 Bd6 13. Ne5 Nxc3 14. Bxc3 a6
15. Bd3 Nd5 16. Be4 Nxc3 17. Qxc3 Be7 18. Rad1 Bf6 19. Ng4 g6 20. Nxf6+ Qxf6
21. Qf3 Qxf3 22. Bxf3 Rb8 23. d5 b5 24. a3 b4 25. dxe6 Bxe6 26. Bd5 Bxd5 27.
Rxd5 b3 28. g3 Rfc8 29. Re2 Rc2 30. Rdd2 Rbc8 31. Kg2 a5 32. Kf3 R8c6 33. Ke3
a4 34. Kd3 R2c4 35. Re8+ Kg7 36. Rde2 Rc2 37. R8e4 f5 38. Rd4 Kf6 39. Rd2 Rxd2+
40. Kxd2 Rc2+ 41. Ke3 Rxb2 42. Rxa4 Ra2 43. Ra6+ Kg5 44. a4 Kg4 45. Rb6 Ra3 46.
h4 f4+ 47. gxf4 b2+ 48. Ke2 Rxa4 49. Rxb2 Re4+ 50. Kf1 Rxf4 51. Kg2 Kxh4 52.
Rb3 Rg4+ 53. Kh2 Kh5 54. Kh3 Rg1 55. Rb5+ Kh6 56. Kh2 Rg5 57. Rb7 Rf5 58. Kg3
g5 59. Rb6+ Kg7 60. Kg4 Rf6 61. Rxf6 Kxf6 62. f4 1/2-1/2

[Event "Wch Juvenil 2013 sub-14"]
[Site "Al-Ain UAE"]
[Date "2013.12.18"]
[Round "1.9"]
[White "Tokranovs, Dmitrijs"]
[Black "Tello Chavez, Isaac Valent"]
[Result "1-0"]
[WhiteElo "2273"]
[BlackElo "1823"]
[PlyCount "79"]
[EventDate "2013.12.19"]
[EventType "swiss"]
[EventRounds "11"]
[EventCountry "UAE"]
[Source "lmi"]
[SourceDate "2013.12.19"]

1. e4 d5 2. exd5 Qxd5 3. Nf3 Nf6 4. Be2 Bg4 5. O-O e6 6. c4 Qd8 7. d4 Be7 8. h3
Bh5 9. Be3 O-O 10. Qb3 b6 11. Nc3 Nbd7 12. Rad1 Qc8 13. Bf4 c6 14. Rfe1 Qb7 15.
g4 Bg6 16. Bg3 Rad8 17. Nh4 Ne8 18. Nxg6 hxg6 19. Bf3 Bd6 20. Ne4 Bxg3 21. Nxg3
Qc7 22. Qc3 Ndf6 23. g5 Nd7 24. Kg2 Nd6 25. h4 Rfe8 26. b3 Nf5 27. Nxf5 gxf5
28. Qc1 e5 29. dxe5 Nxe5 30. Rxd8 Qxd8 31. Qe3 Kf8 32. h5 Re6 33. Rd1 Qe8 34.
Qf4 Nxf3 35. Qxf3 g6 36. h6 Kg8 37. Qc3 f6 38. h7+ Kh8 39. gxf6 Kxh7 40. f7 1-0

[Event "Wch Juvenil 2013 sub-14"]
[Site "Al-Ain UAE"]
[Date "2013.12.18"]
[Round "1.10"]
[White "Mayed, Al-Rashedi"]
[Black "Lorparizangeneh, Shahin"]
[Result "0-1"]
[WhiteElo "1820"]
[BlackElo "2270"]
[PlyCount "100"]
[EventDate "2013.12.19"]
[EventType "swiss"]
[EventRounds "11"]
[EventCountry "UAE"]
[Source "lmi"]
[SourceDate "2013.12.19"]

1. e4 c5 2. Nf3 d6 3. Nc3 Nf6 4. d4 cxd4 5. Nxd4 Nc6 6. g3 e5 7. Nde2 Bg4 8.
Bg2 Nd4 9. Qd3 Nxe2 10. Nxe2 Be7 11. O-O O-O 12. c4 h6 13. Be3 Be6 14. h3 Qc8
15. Kh2 Qxc4 16. Qxc4 Bxc4 17. Rfe1 d5 18. exd5 Bxd5 19. Red1 Rfd8 20. Nc3 Bxg2
21. Kxg2 a6 22. Bb6 Rdc8 23. Be3 b5 24. Rac1 Kf8 25. g4 Rc4 26. Ne2 Rac8 27.
Rxc4 Rxc4 28. Rc1 Rxc1 29. Bxc1 Ke8 30. Ng3 Kd7 31. Kf3 Ke6 32. Ke2 Nd5 33. f3
Bg5 34. Bxg5 hxg5 35. Ne4 Nf4+ 36. Ke3 Kd5 37. Nxg5 f6 38. Ne4 Nxh3 39. Nc3+
Kc4 40. Ne4 Nf4 41. Nd6+ Kd5 42. Ne4 Ne6 43. Kd3 b4 44. Ng3 g6 45. Ke3 Nc5 46.
Ne2 a5 47. f4 e4 48. b3 a4 49. Ng3 a3 50. Kd2 Nxb3+ 0-1

[Event "Wch Juvenil 2013 sub-14"]
[Site "Al-Ain UAE"]
[Date "2013.12.18"]
[Round "1.11"]
[White "Shtembuliak, Evgeny"]
[Black "Baterdene, Tsogbayar"]
[Result "1-0"]
[WhiteElo "2263"]
[BlackElo "1816"]
[PlyCount "113"]
[EventDate "2013.12.19"]
[EventType "swiss"]
[EventRounds "11"]
[EventCountry "UAE"]
[Source "lmi"]
[SourceDate "2013.12.19"]

1. Nf3 d5 2. c4 c6 3. e3 Nf6 4. b3 e6 5. Bb2 Be7 6. Be2 Nbd7 7. O-O O-O 8. a3
Ne4 9. d3 Bf6 10. Ra2 Bxb2 11. Rxb2 Nef6 12. cxd5 cxd5 13. b4 Qe7 14. Nc3 b6
15. Qb3 Bb7 16. Rc1 Rfc8 17. Rbc2 a6 18. Qb2 Qd8 19. Nd4 Rc7 20. Nb3 Rac8 21.
a4 Nb8 22. a5 b5 23. d4 Nfd7 24. Nc5 Nxc5 25. dxc5 Qf6 26. Na2 Qxb2 27. Rxb2
Bc6 28. f4 Nd7 29. Nc3 Nf6 30. Bf3 Kf8 31. Kf2 Ke7 32. g4 Rd8 33. Rd1 h6 34. h4
g6 35. g5 hxg5 36. hxg5 Ne8 37. Rbd2 Rcd7 38. Ne2 Ng7 39. Nd4 Ba8 40. Bg4 Rh8
41. Kg3 Rdd8 42. Rh2 Rxh2 43. Kxh2 f6 44. gxf6+ Kxf6 45. Nf3 Nf5 46. Bxf5 Kxf5
47. Kg3 Rh8 48. Kf2 g5 49. Nd4+ Ke4 50. Nxe6 Rh2+ 51. Kg3 Rb2 52. fxg5 Kxe3 53.
Nd4 Ke4 54. g6 Ra2 55. g7 Ra3+ 56. Kh4 Ra2 57. g8=Q 1-0

[Event "Wch Juvenil 2013 sub-14"]
[Site "Al-Ain UAE"]
[Date "2013.12.18"]
[Round "1.12"]
[White "Kokaia, Guram"]
[Black "Cori Quispe, Kevin"]
[Result "1/2-1/2"]
[WhiteElo "1812"]
[BlackElo "2259"]
[PlyCount "113"]
[EventDate "2013.12.19"]
[EventType "swiss"]
[EventRounds "11"]
[EventCountry "UAE"]
[Source "lmi"]
[SourceDate "2013.12.19"]

1. e4 c5 2. Nf3 e6 3. d4 cxd4 4. Nxd4 Nc6 5. Nc3 Qc7 6. Be2 a6 7. O-O Nf6 8.
Be3 Bb4 9. Na4 O-O 10. Nxc6 bxc6 11. Nb6 Rb8 12. Nxc8 Rfxc8 13. Bxa6 Rf8 14.
Bd3 Bd6 15. f4 e5 16. Qc1 exf4 17. Bxf4 Rfe8 18. b3 Nxe4 19. Bxd6 Qxd6 20. Qf4
Qxf4 21. Rxf4 Nc5 22. Raf1 f6 23. Bf5 Re7 24. Rc4 Re5 25. b4 Ne6 26. a4 Nf8 27.
a5 Reb5 28. c3 Rd5 29. Bc2 Kh8 30. Bb3 Rd2 31. Rf2 Rd3 32. Kf1 Ng6 33. Bc2 Rd5
34. Bxg6 hxg6 35. Ke1 Kg8 36. Re2 Rd3 37. a6 Ra8 38. Ra2 Ra7 39. Ke2 Rd5 40.
Re4 Kf7 41. c4 Rh5 42. h3 d5 43. Rd4 dxc4 44. Rxc4 Rb5 45. Rxc6 Rxb4 46. Kd3 g5
47. Kc3 Rb1 48. Kc4 Kg6 49. Kc5 g4 50. hxg4 Kg5 51. Rb6 Rc1+ 52. Kb5 Kxg4 53.
Rb7 Rb1+ 54. Kc6 Rbxb7 55. axb7 Rxa2 56. b8=Q Rxg2 57. Qb4+ 1/2-1/2

[Event "Wch Juvenil 2013 sub-14"]
[Site "Al-Ain UAE"]
[Date "2013.12.18"]
[Round "1.13"]
[White "Liu, Yan"]
[Black "Isakzhanov, Aibek"]
[Result "1-0"]
[WhiteElo "2256"]
[BlackElo "1807"]
[PlyCount "71"]
[EventDate "2013.12.19"]
[EventType "swiss"]
[EventRounds "11"]
[EventCountry "UAE"]
[Source "lmi"]
[SourceDate "2013.12.19"]

1. d4 d5 2. Nf3 Nf6 3. c4 e6 4. Nc3 c6 5. e3 Nbd7 6. Bd3 Bd6 7. e4 dxe4 8. Nxe4
Nxe4 9. Bxe4 Nf6 10. Bc2 h6 11. O-O O-O 12. b3 Qe7 13. Bb2 Rd8 14. Qd3 Ba3 15.
Bc3 Bb4 16. Bxb4 Qxb4 17. a3 Qe7 18. b4 g6 19. Ne5 Bd7 20. Rfe1 b5 21. c5 a5
22. Bb3 axb4 23. axb4 Be8 24. Rxa8 Rxa8 25. Nxg6 Qd8 26. Nf4 Nd5 27. Bxd5 cxd5
28. h3 Qg5 29. Qd2 Bd7 30. Re5 Qg7 31. Re3 Kf8 32. Rg3 Qf6 33. Nh5 Ra1+ 34. Kh2
Qf5 35. Qxh6+ Ke8 36. Rg8+ 1-0

[Event "Wch Juvenil 2013 sub-14"]
[Site "Al-Ain UAE"]
[Date "2013.12.18"]
[Round "1.14"]
[White "Jamar, Vadim"]
[Black "Theodorou, Nikolas"]
[Result "0-1"]
[WhiteElo "1803"]
[BlackElo "2238"]
[PlyCount "62"]
[EventDate "2013.12.19"]
[EventType "swiss"]
[EventRounds "11"]
[EventCountry "UAE"]
[Source "lmi"]
[SourceDate "2013.12.19"]

1. e4 c5 2. d4 cxd4 3. c3 d3 4. Bxd3 Nc6 5. Nf3 d6 6. h3 g6 7. O-O Bg7 8. c4
Nf6 9. Nc3 O-O 10. Bd2 Nd7 11. Rb1 Nce5 12. Nxe5 Nxe5 13. Be2 f5 14. b4 fxe4
15. Nxe4 Bf5 16. Qc2 d5 17. cxd5 Rc8 18. Qb3 Bxe4 19. d6+ Rf7 20. dxe7 Qxd2 21.
Rbe1 Bd5 22. Rd1 Bxb3 23. Rxd2 Rxe7 24. axb3 Bf6 25. b5 Rc3 26. Rd5 Kg7 27. f4
Nd7 28. Bc4 Nb6 29. Rd3 Nxc4 30. Rxc3 Bxc3 31. bxc4 Be1 0-1

[Event "Wch Juvenil 2013 sub-14"]
[Site "Al-Ain UAE"]
[Date "2013.12.18"]
[Round "1.15"]
[White "Pranav, Vijay"]
[Black "Ooi, Zhi Yang"]
[Result "1-0"]
[WhiteElo "2224"]
[BlackElo "1803"]
[PlyCount "47"]
[EventDate "2013.12.19"]
[EventType "swiss"]
[EventRounds "11"]
[EventCountry "UAE"]
[Source "lmi"]
[SourceDate "2013.12.19"]

1. d4 c5 2. d5 Nf6 3. g3 e6 4. c4 exd5 5. cxd5 d6 6. Nc3 g6 7. Bg2 Bg7 8. Nf3
O-O 9. O-O a6 10. a4 Nbd7 11. Nd2 Rb8 12. Nc4 Nb6 13. Ne3 Na8 14. Nc4 b5 15.
axb5 axb5 16. Nxb5 Rxb5 17. Rxa8 Rb4 18. b3 Qc7 19. Bf4 Ne8 20. e4 h6 21. e5 g5
22. exd6 Qb7 23. d7 Qxd7 24. Be3 1-0

[Event "Wch Juvenil 2013 sub-14"]
[Site "Al-Ain UAE"]
[Date "2013.12.18"]
[Round "1.16"]
[White "Foziljonov, Khojiakbar"]
[Black "Dai, Changren"]
[Result "0-1"]
[WhiteElo "1801"]
[BlackElo "2216"]
[PlyCount "44"]
[EventDate "2013.12.19"]
[EventType "swiss"]
[EventRounds "11"]
[EventCountry "UAE"]
[Source "lmi"]
[SourceDate "2013.12.19"]

1. e4 c5 2. Nf3 d6 3. d4 cxd4 4. Nxd4 Nf6 5. Nc3 Nc6 6. Be3 e6 7. f4 Be7 8. Qf3
a6 9. O-O-O Qc7 10. Rg1 Nxd4 11. Bxd4 O-O 12. g4 b5 13. g5 Nd7 14. Qh5 Bb7 15.
Rd3 Rfc8 16. Rh3 Nf8 17. Bxg7 Qc5 18. Qh6 Qxg1 19. Bxf8 Qxf1+ 20. Nd1 Rxc2+ 21.
Kxc2 Bxe4+ 22. Kd2 Qxf4+ 0-1

[Event "Wch Juvenil 2013 sub-14"]
[Site "Al-Ain UAE"]
[Date "2013.12.18"]
[Round "1.17"]
[White "Dolana, Andrei-Theodor"]
[Black "Gvenetadze, Davit"]
[Result "1-0"]
[WhiteElo "2210"]
[BlackElo "1801"]
[PlyCount "67"]
[EventDate "2013.12.19"]
[EventType "swiss"]
[EventRounds "11"]
[EventCountry "UAE"]
[Source "lmi"]
[SourceDate "2013.12.19"]

1. e4 c5 2. c3 d5 3. exd5 Qxd5 4. d4 Nc6 5. Nf3 Bg4 6. Be2 e6 7. c4 Qd6 8. d5
Bxf3 9. Bxf3 Nd4 10. O-O e5 11. Qa4+ Qd7 12. Qxd7+ Kxd7 13. Bd1 f5 14. Nc3 Bd6
15. Ba4+ Kc7 16. f4 e4 17. Be3 a6 18. b4 b6 19. Rad1 Be7 20. bxc5 bxc5 21. Rxd4
cxd4 22. Bxd4 Bf6 23. Be5+ Kb6 24. Bc6 Bxe5 25. fxe5 Rc8 26. Rb1+ Ka5 27. Rb7
Nh6 28. e6 Ng4 29. e7 Nf6 30. Ne2 Rb8 31. Rxb8 Rxb8 32. d6 Ng4 33. Bb5 axb5 34.
d7 1-0

[Event "Wch Juvenil 2013 sub-14"]
[Site "Al-Ain UAE"]
[Date "2013.12.18"]
[Round "1.18"]
[White "Turar, Dastan"]
[Black "Song, Edward"]
[Result "0-1"]
[WhiteElo "1890"]
[BlackElo "2208"]
[PlyCount "106"]
[EventDate "2013.12.19"]
[EventType "swiss"]
[EventRounds "11"]
[EventCountry "UAE"]
[Source "lmi"]
[SourceDate "2013.12.19"]

1. d4 Nf6 2. c4 e6 3. Nc3 Bb4 4. Nf3 Ne4 5. Qc2 f5 6. e3 b6 7. Bd3 Bb7 8. O-O
Bxc3 9. bxc3 O-O 10. c5 Nc6 11. Rb1 Ne7 12. Nd2 Nxd2 13. Bxd2 Bc6 14. cxb6 axb6
15. c4 d6 16. Bc3 Ng6 17. f4 Qd7 18. h3 Ra7 19. Rb2 Ne7 20. g4 Bb7 21. Kf2 d5
22. Bb4 dxc4 23. Bxc4 Kh8 24. Qb3 e5 25. Be6 Qe8 26. dxe5 c5 27. Bc3 Qc6 28.
Kg3 Qe4 29. Re1 Qf3+ 30. Kh2 fxg4 31. Bxg4 Qe4 32. Qd1 Rfa8 33. Qe2 Bd5 34. Ra1
Ra3 35. Bd2 c4 36. Bc1 Qh1+ 37. Kg3 Qg1+ 38. Kh4 Ng6+ 39. Kg5 Bf7 40. Rb5 h6+
41. Kf5 Nh4+ 42. Ke4 Qh1+ 43. Bf3 Bg6+ 44. Kd5 Nxf3 45. Bxa3 Qxa1 46. Qxf3 Rxa3
47. Rxb6 Bf7+ 48. e6 Ra5+ 49. Kd6 Bxe6 50. Qe4 Bg8 51. Ke7 Qd1 52. Rb7 c3 53.
Rd7 c2 0-1

[Event "Wch Juvenil 2013 sub-14"]
[Site "Al-Ain UAE"]
[Date "2013.12.18"]
[Round "1.19"]
[White "Atabayev, Saparmyrat"]
[Black "Bennett, Rhys"]
[Result "1-0"]
[WhiteElo "2203"]
[BlackElo "1784"]
[PlyCount "75"]
[EventDate "2013.12.19"]
[EventType "swiss"]
[EventRounds "11"]
[EventCountry "UAE"]
[Source "lmi"]
[SourceDate "2013.12.19"]

1. e4 e5 2. Nf3 Nc6 3. Bb5 a6 4. Ba4 Nf6 5. O-O Be7 6. Re1 b5 7. Bb3 d6 8. c3
O-O 9. h3 Na5 10. Bc2 c5 11. d4 Qc7 12. d5 Ne8 13. Nbd2 g6 14. Nf1 Bd7 15. N3h2
Nc4 16. b3 Nb6 17. g4 Ng7 18. Ng3 Bh4 19. Bh6 Bxg3 20. fxg3 Qc8 21. Rf1 f6 22.
Qd2 Rf7 23. Rf3 Qd8 24. Raf1 Ne8 25. Kg2 Nc8 26. g5 Kh8 27. gxf6 Nb6 28. g4 Bc8
29. Be3 Nc7 30. h4 Nd7 31. g5 Nf8 32. Rg3 Kg8 33. Bd1 Bd7 34. Ng4 Bxg4 35. Bxg4
Qe8 36. h5 Rd8 37. Rh3 Rb8 38. Rfh1 1-0

[Event "Wch Juvenil 2013 sub-14"]
[Site "Al-Ain UAE"]
[Date "2013.12.18"]
[Round "1.20"]
[White "Ait Abbas, Yacine"]
[Black "Maghsoodloo, Parham"]
[Result "1/2-1/2"]
[WhiteElo "1771"]
[BlackElo "2199"]
[PlyCount "100"]
[EventDate "2013.12.19"]
[EventType "swiss"]
[EventRounds "11"]
[EventCountry "UAE"]
[Source "lmi"]
[SourceDate "2013.12.19"]

1. c4 Nf6 2. Nc3 g6 3. g3 d5 4. cxd5 Nxd5 5. Bg2 Nb6 6. Nf3 Bg7 7. d4 Nc6 8. e3
O-O 9. O-O e5 10. d5 Ne7 11. e4 h6 12. a4 Nc4 13. b3 Nd6 14. Ba3 a6 15. Nd2 f5
16. f3 g5 17. g4 fxg4 18. fxg4 Rf4 19. h3 Ng6 20. Qc2 Bd7 21. Ne2 Rxf1+ 22.
Rxf1 Nf4 23. Nxf4 gxf4 24. Rc1 Rc8 25. Kh1 h5 26. gxh5 Qh4 27. Qd3 Qxh5 28.
Bxd6 cxd6 29. Rxc8+ Bxc8 30. Qf3 Qh4 31. Nc4 Qd8 32. Qf2 b5 33. Qb6 Qxb6 34.
Nxb6 bxa4 35. bxa4 Bb7 36. Kg1 Kf7 37. Bf3 Bf6 38. Nc4 Ke7 39. a5 Bh4 40. Kf1
Bc8 41. Bg4 Bxg4 42. hxg4 f3 43. Nd2 Kf7 44. Nc4 Ke7 45. Nd2 Kd7 46. Nc4 Kc7
47. Nd2 Kc8 48. Nc4 Kd7 49. Nd2 Kd8 50. Nc4 Ke7 1/2-1/2

[Event "Wch Juvenil 2013 sub-14"]
[Site "Al-Ain UAE"]
[Date "2013.12.18"]
[Round "1.21"]
[White "Mesaros, Florian"]
[Black "Dolinar, Matic"]
[Result "1-0"]
[WhiteElo "2196"]
[BlackElo "1770"]
[PlyCount "73"]
[EventDate "2013.12.19"]
[EventType "swiss"]
[EventRounds "11"]
[EventCountry "UAE"]
[Source "lmi"]
[SourceDate "2013.12.19"]

1. Nf3 Nf6 2. c4 d5 3. cxd5 Nxd5 4. e4 Nb6 5. d4 Bg4 6. Be3 e5 7. d5 Bb4+ 8.
Nbd2 c6 9. Be2 Bxf3 10. Bxf3 Nc4 11. Qe2 Nxe3 12. Qxe3 Qa5 13. a3 O-O 14. Rd1
Bc5 15. Qe2 Qc7 16. O-O Nd7 17. b4 Bb6 18. Nc4 Bd4 19. Rc1 Rac8 20. Na5 c5 21.
Bg4 Rcd8 22. Nb3 b6 23. Rc2 Qd6 24. Qb5 Nf6 25. Bf3 Rc8 26. Rfc1 Rc7 27. bxc5
bxc5 28. Nxd4 exd4 29. Rxc5 Rxc5 30. Qxc5 Qxc5 31. Rxc5 g5 32. h3 Re8 33. Rc4
Nxe4 34. Rxd4 Nd6 35. g3 f5 36. Kg2 Kf7 37. Bh5+ 1-0

[Event "Wch Juvenil 2013 sub-14"]
[Site "Al-Ain UAE"]
[Date "2013.12.18"]
[Round "1.22"]
[White "Liao, Yu Hao"]
[Black "Baskin, Robert"]
[Result "1/2-1/2"]
[WhiteElo "1770"]
[BlackElo "2190"]
[PlyCount "67"]
[EventDate "2013.12.19"]
[EventType "swiss"]
[EventRounds "11"]
[EventCountry "UAE"]
[Source "lmi"]
[SourceDate "2013.12.19"]

1. e4 c5 2. Nf3 d6 3. d4 cxd4 4. Qxd4 a6 5. Be3 Nd7 6. c4 Ngf6 7. Nc3 e6 8. Be2
Be7 9. h3 Qc7 10. b4 b6 11. a3 Bb7 12. O-O O-O 13. Nd2 Rac8 14. Rac1 Qb8 15.
Rfd1 Rfd8 16. Nb3 Nc5 17. Na1 e5 18. Qd2 Ncxe4 19. Nxe4 Bxe4 20. Nb3 d5 21.
cxd5 Bxd5 22. Qb2 Qb7 23. Bf1 a5 24. Nd2 axb4 25. axb4 Be6 26. Rxc8 Rxc8 27.
Qxe5 Bxb4 28. Qb5 Nd5 29. Nc4 Nxe3 30. fxe3 Qc7 31. Nxb6 Rb8 32. Nd5 Qa7 33.
Nxb4 h6 34. Qd3 1/2-1/2

[Event "Wch Juvenil 2013 sub-14"]
[Site "Al-Ain UAE"]
[Date "2013.12.18"]
[Round "1.23"]
[White "Viswanadha, Kesav"]
[Black "Hiebert, Kenji"]
[Result "1-0"]
[WhiteElo "2169"]
[BlackElo "1769"]
[PlyCount "61"]
[EventDate "2013.12.19"]
[EventType "swiss"]
[EventRounds "11"]
[EventCountry "UAE"]
[Source "lmi"]
[SourceDate "2013.12.19"]

1. e4 d5 2. exd5 Qxd5 3. Nc3 Qd6 4. d4 Nf6 5. Bc4 c6 6. Nf3 Bg4 7. Be3 e6 8.
Qe2 Be7 9. O-O-O Nbd7 10. h3 Bh5 11. Rhe1 Nb6 12. Bb3 Nbd5 13. Nxd5 Nxd5 14. g4
Bg6 15. Ne5 Bf6 16. f4 Bxe5 17. dxe5 Qc7 18. Qf2 Nxe3 19. Rxe3 Rd8 20. Rxd8+
Qxd8 21. h4 h6 22. f5 exf5 23. gxf5 Bh5 24. Rd3 Qa5 25. f6 g6 26. e6 fxe6 27.
Bxe6 Rh7 28. f7+ Kf8 29. b4 Qc7 30. Qc5+ Qe7 31. Rd8+ 1-0

[Event "Wch Juvenil 2013 sub-14"]
[Site "Al-Ain UAE"]
[Date "2013.12.18"]
[Round "1.24"]
[White "Licheli, Luka"]
[Black "Plenca, Jadranko"]
[Result "0-1"]
[WhiteElo "1759"]
[BlackElo "2168"]
[PlyCount "68"]
[EventDate "2013.12.19"]
[EventType "swiss"]
[EventRounds "11"]
[EventCountry "UAE"]
[Source "lmi"]
[SourceDate "2013.12.19"]

1. e4 e5 2. Nc3 Nc6 3. g3 Bc5 4. Bg2 d6 5. Na4 Bb6 6. Nxb6 axb6 7. Ne2 f5 8. d3
Nf6 9. O-O O-O 10. h3 Be6 11. Bg5 h6 12. Bxf6 Qxf6 13. exf5 Bxf5 14. Kh2 Rae8
15. Qd2 Kh8 16. Rae1 e4 17. dxe4 Bxe4 18. Nf4 Bxg2 19. Kxg2 Rxe1 20. Rxe1 Ne5
21. Qe2 Qf7 22. b3 g5 23. Nd3 Nf3 24. Rc1 Qd5 25. Qe7 Rf7 26. Qe8+ Kg7 27. Qe3
Nh4+ 28. Kf1 Nf5 29. Qe8 Nxg3+ 30. Ke1 Qh1+ 31. Kd2 Ne4+ 32. Ke3 Qf3+ 33. Kd4
c5+ 34. Kc4 d5+ 0-1